[Event "Reykjavik op"]
[Site "Reykjavik"]
[Date "1982.??.??"]
[Round "?"]
[White "Sahovic, Dragutin"]
[Black "Goodman, David SC"]
[Result "1-0"]
[WhiteElo "2450"]
[BlackElo "2345"]

1.d4 g6 2.c4 Bg7 3.Nc3 d6 4.e4 Nf6 5.Nf3 O-O 6.Be2 e5 7.Be3 Ng4 8.Bg5 f6
9.Bh4 Nc6 10.d5 Ne7 11.Nd2 Nh6 12.f3 f5 13.Bf2 c5 14.a3 b6 15.Rg1 Nf7 16.g4 fxg4
17.fxg4 Bh6 18.h4 Bf4 19.Nf1 a6 20.Ne3 b5 21.cxb5 axb5 22.Bxb5 Bd7 23.a4 Nc8
24.Nc4 Rb8 25.Bxd7 Qxd7 26.Nb5 Na7 27.Nca3 Nxb5 28.Nxb5 Rb7 29.Qe2 Ra8 30.Ra3 Qd8
31.Kd1 Kg7 32.Be1 Rab8 33.Kc2 Qd7 34.Bc3 g5 35.Rh1 Qe7 36.Be1 h6 37.Rah3 Ra8
38.b3 Rab8 39.hxg5 Bxg5 40.Bc3 Nh8 41.Qh2 Bf4 42.Qxf4  1-0

[Event "Rome-B"]
[Site "Rome"]
[Date "1982.??.??"]
[Round "?"]
[White "Pangrazzi, Marco"]
[Black "Bouaziz, Slim"]
[Result "1/2-1/2"]
[WhiteElo "2260"]
[BlackElo "2355"]

1.e4 g6 2.d4 Bg7 3.c4 d6 4.Nf3 Nf6 5.Nc3 O-O 6.Be2 e5 7.d5 a5 8.h3 Na6 9.Be3 Qe8
10.g4 b6 11.Nd2 Nd7 12.a3 f5 13.f3 Nf6 14.b4 Bd7 15.b5 Nc5 16.Qc2 Qe7 17.O-O-O Ne8
18.Rdg1 f4 19.Bf2 Nb7 20.a4 Nd8 21.h4 Nf7 22.Rh2 Nf6 23.Qd1 Qd8 24.Kb2 Re8
25.Ka2 Bf8 26.Kb2 Be7 27.Qf1 Kh8 28.Qd1 Rg8 29.Qf1 Qc8 30.Qd1 Qb7 31.Qf1 Rg7
32.Qd1 Rag8 33.Qf1 Qc8 34.Qd1 h6 35.Kc2 Rh7 36.Kd3 Kg7 37.Kc2 Kf8 38.Na2 Rhg7
39.Nc1 Rh8 40.Nd3 h5 41.g5 Nh7 42.Qf1  1/2-1/2

[Event "DDR-ch 31th"]
[Site "Salzwedel"]
[Date "1982.??.??"]
[Round "6"]
[White "Hesse, Peter"]
[Black "Vogt, Lothar"]
[Result "1/2-1/2"]
[WhiteElo "2330"]
[BlackElo "2495"]

1.d4 Nf6 2.Nf3 g6 3.c4 Bg7 4.Nc3 O-O 5.e4 d6 6.Be2 e5 7.O-O Nbd7 8.Re1 c6
9.Bf1 exd4 10.Nxd4 Ng4 11.Qxg4 Bxd4 12.Be3 Bg7 13.Qg3 Ne5 14.Rad1 Qc7 15.h3 Be6
16.c5 dxc5 17.Bxc5 Rfd8 18.f4 b6 19.Bf2 Nc4 20.Bxc4 Bxc4 21.e5 Rxd1 22.Rxd1 Rd8
23.Qf3 Rxd1+ 24.Qxd1 Be6 25.Ne4 Qd7 26.Qxd7 Bxd7 27.Nf6+ Bxf6 28.exf6 h5
29.Bd4 Be6 30.a3 Kf8 31.Kf2 Ke8 32.Kf3 Bd5+ 33.Kf2 Kd7 34.g4 c5 35.Bc3 hxg4
36.hxg4 Kc6 37.Ke3 Kb5 38.Be5 Kc4 39.Kd2 b5 40.Bc7 Be6 41.g5 Bf5 42.Bd8 Kb3
43.Kc1 Ka4 44.Bc7 a5 45.Bd6 c4 46.Be5 Kb3 47.Bc3 Ka4 48.Be5 Bd3 49.Bc7 b4
50.axb4 Kxb4 51.Be5 a4 52.Kd2 Kb3 53.Bc3 Bf5 54.Be5  1/2-1/2

[Event "DDR-ch 31th"]
[Site "Salzwedel"]
[Date "1982.??.??"]
[Round "9"]
[White "Knaak, Rainer"]
[Black "Espig, Lutz"]
[Result "1-0"]
[WhiteElo "2495"]
[BlackElo "2470"]

1.d4 Nf6 2.c4 d6 3.Nc3 Nbd7 4.Nf3 g6 5.e4 e5 6.Be2 Bg7 7.O-O O-O 8.d5 Nc5
9.Qc2 a5 10.Bg5 h6 11.Be3 b6 12.Nd2 Ne8 13.b3 f5 14.f3 f4 15.Bf2 g5 16.a3 h5
17.b4 Nb7 18.c5 dxc5 19.bxc5 bxc5 20.Na4 g4 21.Nxc5 g3 22.hxg3 fxg3 23.Bxg3 Qg5
24.Be1 Qe3+ 25.Bf2 Qxe2 26.Rfe1  1-0

[Event "DDR-ch 31th"]
[Site "Salzwedel"]
[Date "1982.??.??"]
[Round "12"]
[White "Tischbierek, Raj"]
[Black "Paehtz, Thomas Sr"]
[Result "1-0"]
[WhiteElo "2370"]
[BlackElo "2380"]

1.d4 Nf6 2.c4 g6 3.Nc3 Bg7 4.e4 d6 5.Nf3 O-O 6.Be2 e5 7.Be3 exd4 8.Nxd4 Re8
9.f3 c6 10.Nc2 d5 11.cxd5 cxd5 12.exd5 Bf5 13.Bf2 Nxd5 14.Nxd5 Bxc2 15.Qxc2 Qxd5
16.O-O Nc6 17.Bc4 Nd4 18.Bxd5 Nxc2 19.Rac1 Ne3 20.Bxe3 Rxe3 21.Rc7 Rd8 22.Rd1 Kh8
23.Kf2 Re5 24.Bb3 Rxd1 25.Rc8+  1-0

[Event "Sochi"]
[Site "Sochi"]
[Date "1982.??.??"]
[Round "8"]
[White "Ftacnik, Lubomir"]
[Black "Hazai, Laszlo"]
[Result "1-0"]
[WhiteElo "2535"]
[BlackElo "2450"]

1.d4 Nf6 2.c4 g6 3.Nc3 Bg7 4.e4 d6 5.Nf3 O-O 6.Be2 e5 7.O-O Nbd7 8.Qc2 c6
9.Rd1 Qe7 10.d5 c5 11.Rb1 Ne8 12.Bd3 Nb8 13.a3 f5 14.b4 Na6 15.h3 f4 16.b5 Nb8
17.Be2 g5 18.Rd3 Nd7 19.Qd1 Rf7 20.Kf1 Bf8 21.Nxg5 Rf6 22.Ne6 Nb6 23.Nxf8 Rxf8
24.Qb3 Nf6 25.a4 Kh8 26.a5 Nbd7 27.g3 Rf7 28.Qb2 fxg3 29.Rxg3 Nf8 30.Bg5 Ng6
31.Bh5 Qf8 32.Bxg6 hxg6 33.Bxf6+ Rxf6 34.Qd2 Bd7 35.Kg2 Kh7 36.Rf1 a6 37.b6 Rf4
38.f3 Qf6 39.Ne2 Rh4 40.Qe3 Rf8 41.Rh1 Rf4 42.Nc1 Kg7 43.Nd3 Rh8 44.Qc1 Rf8
45.Rf1 Bc8 46.Nxf4 exf4 47.Rg4 Bxg4 48.hxg4 Rh8 49.Qa1 g5 50.e5 dxe5 51.Re1 Re8
52.Qb1 e4 53.Rxe4 Rxe4 54.Qxe4 Qb2+ 55.Kf1 Qc1+ 56.Kf2 Qd2+ 57.Qe2 Qd4+ 58.Kg2 Kf8
59.Qc2 Kg7 60.Qf5 Kh6 61.Qf8+ Kg6 62.Qg8+ Kh6 63.Qe8 Kg7 64.Qd8 Kg6 65.Qd6+ Kg7
66.Qd7+ Kg6 67.Qe8+ Kg7 68.Qh5 Qe5 69.Kh3 Kf8 70.Qh6+ Ke7 71.Qh7+ Ke8 72.Qg6+ Ke7
73.Qg8 Kd7 74.Qf7+ Kd8 75.Qf8+ Kd7 76.Qf5+  1-0

[Event "BUL-ch"]
[Site "Sofia"]
[Date "1982.??.??"]
[Round "8"]
[White "Georgiev, Kiril"]
[Black "Stefanov, Krasimir"]
[Result "1-0"]
[WhiteElo "2380"]
[BlackElo "2300"]

1.d4 Nf6 2.c4 g6 3.Nc3 Bg7 4.e4 d6 5.Be2 O-O 6.Nf3 e5 7.O-O exd4 8.Nxd4 Nc6
9.Nc2 Re8 10.f3 Ne5 11.Bg5 h6 12.Be3 g5 13.Qd2 Ng6 14.Rad1 Bd7 15.Nd4 a6
16.Rfe1 Nh5 17.Bf1 Be5 18.g3 Be6 19.Qf2 c6 20.c5 Qc8 21.Nf5 Bxf5 22.exf5 Ne7
23.cxd6 Bxd6 24.Bb6 Qb8 25.Rxd6 Qxd6 26.Ne4 Qd7 27.g4 Nd5 28.gxh5 f6 29.Bd4 Rf8
30.Bc4 Qxf5 31.Bxd5+ cxd5 32.Ng3 Qh7 33.f4 Rae8 34.Rxe8 Rxe8 35.fxg5 fxg5
36.Qf6 Rf8 37.Qe6+ Rf7 38.Qg6+ Qxg6 39.hxg6 Rf4 40.Be5 Rf8 41.Kg2 g4 42.h3 h5
43.Bc3 h4 44.Nh5 Rf5 45.hxg4  1-0

[Event "BUL-ch"]
[Site "Sofia"]
[Date "1982.??.??"]
[Round "9"]
[White "Stefanov, Krasimir"]
[Black "Georgiev, Krum"]
[Result "0-1"]
[WhiteElo "2300"]
[BlackElo "2450"]

1.d4 Nf6 2.c4 g6 3.Nc3 Bg7 4.e4 O-O 5.Nf3 d6 6.Be2 e5 7.O-O Nbd7 8.Re1 c6
9.Bf1 Qe7 10.b3 Re8 11.Ba3 exd4 12.Nxd4 Nc5 13.f3 Nfd7 14.Qd2 Ne5 15.Rad1 Qf6
16.Qf2 Bd7 17.Nc2 Rad8 18.Bb2 a5 19.f4 Ng4 20.Qf3 Nxe4 21.Rxe4 Rxe4 22.Qxe4 Qh4
23.h3 Qf2+ 24.Kh1 Bf5 25.Qe2 Qxe2 26.Bxe2 Nf2+ 27.Kg1 Nxd1 28.Bxd1 d5 29.c5 Re8
30.Kf2 Bxc2 31.Bxc2 Bd4+ 32.Kf1 Bxc5 33.Ne2 Bf8 34.Bd4 b5 35.Bc3 b4 36.Be5 c5
37.Bd3 Bg7 38.Bc7 c4 39.Bc2 Ra8 40.Kf2 a4 41.bxa4 d4 42.Bd1 d3 43.Nc1 Bd4+
44.Kf1 Be3 45.Nxd3 cxd3 46.a5 Rc8 47.Bb6 Bxb6 48.axb6 Rb8 49.Ke1 Rxb6 50.Kd2 Rd6
51.Ba4 Rf6 52.Kxd3 Rxf4 53.Bc6 Rf2 54.Bd5 Kg7 55.Kd4 f5 56.Kc5 Rd2 57.Kxb4 f4
58.a4 f3 59.a5 f2 60.a6  0-1

[Event "Reti mem"]
[Site "Trnava"]
[Date "1982.??.??"]
[Round "8"]
[White "Lechtynsky, Jiri"]
[Black "Barczay, Laszlo"]
[Result "1/2-1/2"]
[WhiteElo "2460"]
[BlackElo "2445"]

1.c4 Nf6 2.Nf3 g6 3.d4 Bg7 4.Nc3 O-O 5.e4 d6 6.Be2 e5 7.O-O exd4 8.Nxd4 Re8
9.f3 c6 10.Nb3 d5 11.cxd5 cxd5 12.exd5 Na6 13.Bb5 Bd7 14.Bxa6 Qb6+ 15.Kh1 bxa6
16.Bg5 Re5 17.Qd2 Rae8 18.Rae1 a5 19.Rxe5 Rxe5 20.Bf4 Re8 21.Bg3 a4 22.Nc1 a3
23.bxa3 Rc8 24.Be5 Ne4 25.Nxe4 Bxe5 26.Nd3 Bd4 27.Rd1 f5 28.Ng3 Ba4 29.Rc1 Rd8
30.Qb4 Qxb4 31.axb4 Rxd5 32.Nf1 Bb5 33.Nc5 Bxc5 34.bxc5 Bxf1 35.Rxf1 Rxc5
36.Kg1 Ra5 37.Rf2 Kf7 38.Re2 Kf6 39.Kf2 f4 40.g3 Kf5 41.gxf4 h5 42.h4 Ra4
43.Kg3 Rxf4 44.Rc2 Ra4 45.Rc5+ Kf6 46.Rc6+ Kg7 47.Rc7+ Kh6  1/2-1/2

[Event "Reti mem"]
[Site "Trnava"]
[Date "1982.??.??"]
[Round "12"]
[White "Vogt, Lothar"]
[Black "Barczay, Laszlo"]
[Result "1-0"]
[WhiteElo "2495"]
[BlackElo "2445"]

1.Nf3 Nf6 2.c4 g6 3.Nc3 Bg7 4.e4 d6 5.d4 O-O 6.Be2 e5 7.O-O exd4 8.Nxd4 Re8
9.f3 c6 10.Kh1 d5 11.cxd5 cxd5 12.Bg5 dxe4 13.Ndb5 Qxd1 14.Raxd1 Na6 15.fxe4 Nh5
16.Nd6 Bxc3 17.Nxe8  1-0

[Event "Varna"]
[Site "Varna"]
[Date "1982.??.??"]
[Round "12"]
[White "Garkov, Mitko"]
[Black "Gruenberg, Hans Ulrich"]
[Result "1/2-1/2"]
[WhiteElo "2375"]
[BlackElo "2450"]

1.d4 Nf6 2.c4 g6 3.Nc3 Bg7 4.e4 d6 5.Nf3 O-O 6.Be2 e5 7.Be3 Nc6 8.d5 Ne7
9.Nd2 c5 10.Rb1 Ne8 11.O-O f5 12.f3 f4 13.Bf2 g5 14.b4 b6 15.a4 Nc7 16.a5 Na6
17.axb6 axb6 18.bxc5 bxc5 19.Nb5 Rf6 20.Nb3 Rh6 21.Ra1 Qe8 22.Kh1 Bf8 23.Qd2 Qh5
24.Bg1 Ng6 25.Qd1 Nh4  1/2-1/2

[Event "Varna"]
[Site "Varna"]
[Date "1982.??.??"]
[Round "13"]
[White "Peev, Peicho Chonev"]
[Black "Grigorov, Jordan N"]
[Result "1/2-1/2"]
[WhiteElo "2370"]
[BlackElo "2360"]

1.d4 Nf6 2.c4 g6 3.Nc3 Bg7 4.e4 d6 5.Nf3 O-O 6.Be2 e5 7.dxe5 dxe5 8.Qxd8 Rxd8
9.Nd5 Nxd5 10.cxd5 c6 11.Bc4 cxd5 12.Bxd5 Nc6  1/2-1/2

[Event "DEN-ch"]
[Site "Vejle"]
[Date "1982.??.??"]
[Round "6"]
[White "Brinck Claussen, Bjorn"]
[Black "Berg, Klaus"]
[Result "1-0"]
[WhiteElo "2380"]
[BlackElo "2295"]

1.d4 d6 2.Nf3 g6 3.c4 Bg7 4.e4 Nf6 5.Nc3 O-O 6.Be2 e5 7.O-O Nbd7 8.Qc2 c6
9.Rd1 Qe7 10.Rb1 a5 11.dxe5 dxe5 12.Na4 Nc5 13.Nxc5 Qxc5 14.Be3 Qe7 15.c5 Bg4
16.h3 Bxf3 17.Bxf3 Rfd8 18.Be2 Bf8 19.Rxd8 Rxd8 20.Qa4 Qc7 21.Rc1 h5 22.Rc4 Kh7
23.g4 hxg4 24.hxg4 Kg7 25.Kg2 Be7 26.Rc1 Nh7 27.Rh1 Ng5 28.Qb3 Rh8 29.Rxh8 Kxh8
30.Bc4 Kg7 31.Qd3 Qc8 32.f3 Nh7 33.Qc3 Qc7 34.f4 Nf6 35.fxe5 Nxe4 36.Qd4 Nxc5
37.Qf4  1-0

[Event "DEN-ch"]
[Site "Vejle"]
[Date "1982.??.??"]
[Round "6"]
[White "Kristiansen, Jens"]
[Black "Hoi, Carsten"]
[Result "1-0"]
[WhiteElo "2450"]
[BlackElo "2425"]

1.c4 g6 2.e4 Bg7 3.d4 d6 4.Nc3 Nf6 5.Be2 O-O 6.Nf3 e5 7.Be3 Nc6 8.d5 Ne7
9.Nd2 Nd7 10.f3 f5 11.b4 Nf6 12.O-O f4 13.Bf2 g5 14.c5 Ng6 15.Nc4 Rf7 16.cxd6 cxd6
17.Nb5 Bf8 18.Nxa7 g4 19.Nxc8 Rxc8 20.Kh1 Rg7 21.Qd3 b5 22.Nb6 Rb8 23.fxg4 Rxb6
24.Bxb6 Qxb6 25.g5 Nd7 26.Qxb5 Qd4 27.Qc4 f3 28.Qxd4 fxg2+ 29.Kxg2 exd4 30.Rad1 Nde5
31.Rxd4 Ra7 32.Rd2 Be7 33.Rc2 Bxg5 34.Kh1 Be3 35.Rb1 Nf4 36.Rb3 Bb6 37.Rg3+ Kf7
38.Bb5 Nh5 39.Rh3 Nf6 40.a4 Neg4 41.Rf3 Ne5 42.Rf1 Be3 43.Re2 Bd4 44.Rc1 Ke7
45.Rc8 Neg4 46.Rc4 Bb6 47.a5 Bd8 48.Bc6 Kf8 49.Rc3 Rf7 50.Rf3 Ne5 51.Ra3 Nh5
52.Ra1 Nf4 53.Rc2 Bf6 54.Rf1 Nfd3 55.b5 Ng4 56.Re2 Kg7 57.Rg2 Bg5 58.Rxf7+ Kxf7
59.Re2 Be3 60.h3 Ngf2+ 61.Kh2 Bd4 62.b6 Kf6 63.Bb5 Ke5 64.Rd2 Kxe4 65.Bxd3+ Nxd3
66.b7 Ba7 67.Re2+ Kxd5 68.Re8 Kc6 69.b8=Q Bxb8 70.Rxb8 Nc5 71.h4 d5 72.Rb6+ Kc7
73.Rh6 d4 74.Kg2  1-0

[Event "Hoogovens-B"]
[Site "Wijk aan Zee"]
[Date "1982.??.??"]
[Round "3"]
[White "Vlam, Horatio"]
[Black "Scheeren, Peter"]
[Result "0-1"]
[WhiteElo "2270"]
[BlackElo "2430"]

1.c4 Nf6 2.Nc3 g6 3.d4 Bg7 4.e4 d6 5.Nf3 O-O 6.Be2 e5 7.Be3 c6 8.O-O exd4
9.Bxd4 Re8 10.Qc2 Nbd7 11.Rad1 Qe7 12.Rfe1 c5 13.Be3 Nxe4 14.Nb5 Ndf6 15.Bf4 Bf5
16.Nh4 Bd7 17.Bxd6 Nxd6 18.Nxd6 Reb8 19.Bg4 Qf8 20.Bxd7 Nxd7 21.Nf3 b6 22.Ng5 Ne5
23.Qe4 h6 24.f4 hxg5 25.fxe5 Qe7 26.Qd5 Rf8 27.e6 f5 28.Nf7 Bxb2 29.Ne5 Bxe5
30.Qxe5 Rae8 31.Rd6 Qf6 32.Rd7 Qxe5 33.Rxe5 Rf6 34.e7 a6 35.a4 Kf7 36.Ra7 a5
37.Rb7 g4 38.g3 Rd6 39.Kf2 Rd4 40.Rxb6 Rxc4 41.Ree6 Rxe7 42.Rf6+ Kg8 43.Rxg6+ Kf8
44.Rgf6+ Rf7 45.Rfc6 Rc3 46.Rb5 f4 47.gxf4 Rxf4+ 48.Kg2 Rxa4 49.Rbxc5 Ra2+
50.Kg1 Rxc5 51.Rxc5 a4 52.Rg5 a3 53.Ra5 Ke7 54.Ra4 Kd6 55.Ra8 Kc5 56.Rc8+ Kb4
57.Rb8+  0-1

[Event "Hoogovens-B"]
[Site "Wijk aan Zee"]
[Date "1982.??.??"]
[Round "5"]
[White "Ligterink, Gert"]
[Black "Scheeren, Peter"]
[Result "1/2-1/2"]
[WhiteElo "2455"]
[BlackElo "2430"]

1.d4 Nf6 2.c4 g6 3.Nc3 Bg7 4.e4 d6 5.Be2 O-O 6.Nf3 e5 7.Be3 c6 8.dxe5 dxe5
9.Qxd8 Rxd8 10.Nxe5 Nxe4 11.Nxe4 Bxe5 12.Bg5 Rd4 13.Nd2 Rd6 14.O-O-O Nd7
15.Ne4 Re6 16.Bf3 f5 17.Nc3 Bc7 18.Rhe1 Ne5 19.Be2 Nf7 20.Bd2 Bb6 21.f4 Re8
22.Bf3  1/2-1/2

[Event "Yerevan"]
[Site "Yerevan"]
[Date "1982.??.??"]
[Round "5"]
[White "Farago, Ivan"]
[Black "Espig, Lutz"]
[Result "1/2-1/2"]
[WhiteElo "2485"]
[BlackElo "2470"]

1.d4 Nf6 2.c4 d6 3.Nc3 Nbd7 4.e4 e5 5.Nf3 g6 6.Be2 Bg7 7.O-O O-O 8.Re1 c6
9.Bf1 exd4 10.Nxd4 Ng4 11.h3 Qb6 12.hxg4 Qxd4 13.Be3 Qe5 14.Qd2 Qe7 15.Bg5 f6
16.Be3 Ne5 17.f3 Be6 18.b3 Qc7 19.Rac1 Rad8 20.Nd5 Qb8 21.Nf4 Bf7 22.Qf2 b6
23.Red1 Rd7 24.b4 Rfd8 25.b5 g5 26.Nh5 cxb5 27.cxb5 d5 28.exd5 Rxd5 29.Rxd5 Rxd5
30.a4 Nd3 31.Bxd3 Rxd3 32.a5 Rd5 33.axb6 axb6 34.Qc2 Qe8 35.Bxb6 Rxb5 36.Nxg7  1/2-1/2

[Event "Yerevan"]
[Site "Yerevan"]
[Date "1982.??.??"]
[Round "7"]
[White "Robatsch, Karl"]
[Black "Tal, Mihail"]
[Result "1/2-1/2"]
[WhiteElo "2415"]
[BlackElo "2605"]

1.Nf3 Nf6 2.c4 g6 3.Nc3 Bg7 4.e4 d6 5.d4 O-O 6.Be2 Nbd7 7.O-O e5 8.Be3 c6
9.d5 Ng4 10.Bg5 f6 11.Bc1 Qe7 12.dxc6 bxc6 13.b4 Bb7 14.Nd2 Nh6 15.Nb3 Rac8
16.Be3 f5 17.c5 Nf7 18.cxd6 Nxd6 19.Nc5 Nb6 20.Qb3+ Rf7 21.f3 Re8 22.Nxb7 Qxb7
23.Rfd1 Bf8 24.Rd2 Kg7 25.Rad1 f4 26.Bf2 Qc7 27.Na4 Nxa4 28.Qxa4 Nb5 29.Bxb5 cxb5
30.Qxb5 Rb8 31.Qa5 Rxb4 32.Qxc7  1/2-1/2

[Event "Yerevan zt"]
[Site "Yerevan"]
[Date "1982.??.??"]
[Round "10"]
[White "Zaitsev, Igor A"]
[Black "Vaganian, Rafael A"]
[Result "1/2-1/2"]
[WhiteElo "2465"]
[BlackElo "2550"]

1.d4 Nf6 2.c4 d6 3.Nf3 Nbd7 4.Nc3 e5 5.e4 g6 6.Be2 Bg7 7.O-O O-O 8.Qc2 c6
9.Rd1 Qe7 10.Be3 exd4 11.Bxd4 Re8 12.Re1 Bh6 13.Bf1 Ne5 14.Nxe5 dxe5 15.Be3 Bxe3
16.Rxe3 Nd7 17.Na4 Nf8 18.Qc3 c5 19.Qa3  1/2-1/2

[Event "DDR-BUL"]
[Site "Zinnowitz"]
[Date "1982.??.??"]
[Round "2"]
[White "Gruenberg, Hans Ulrich"]
[Black "Georgiev, Krum"]
[Result "1/2-1/2"]
[WhiteElo "2450"]
[BlackElo "2450"]

1.d4 Nf6 2.c4 g6 3.Nc3 Bg7 4.e4 O-O 5.Nf3 d6 6.Be2 e5 7.d5 a5 8.O-O Na6 9.Bg5 h6
10.Bh4 Qe8 11.Nd2 Nh7 12.a3 Bf6 13.Bxf6 Nxf6 14.b4 Bd7 15.Qb3 Qe7 16.Rfc1 Kg7
17.Qb2 Rfb8 18.Nf1 axb4 19.axb4 c5 20.b5 Nb4 21.Nd2 Nh7 22.Na2 Nxa2 23.Rxa2 Qd8
24.Rca1 Rxa2 25.Qxa2 Nf6 26.Qa5 Qxa5 27.Rxa5 Ne8 28.Ra7 Bc8 29.Nb1 Kf8 30.Nc3 Ke7
31.Na4 Kd8 32.Bd1 Nf6 33.Bc2 Nd7 34.g3 Kc7 35.Kg2 Nb6 36.Nxb6 Kxb6 37.Ra3 Bd7
38.h4  1/2-1/2

[Event "DDR-BUL"]
[Site "Zinnowitz"]
[Date "1982.??.??"]
[Round "4"]
[White "Gruenberg, Hans Ulrich"]
[Black "Donchev, Dimitar I"]
[Result "1-0"]
[WhiteElo "2450"]
[BlackElo "2430"]

1.d4 Nf6 2.c4 g6 3.Nc3 Bg7 4.e4 d6 5.Be2 O-O 6.Nf3 e5 7.Be3 Ng4 8.Bg5 f6
9.Bh4 Nc6 10.d5 Ne7 11.Nd2 Nh6 12.O-O c5 13.Rb1 Bd7 14.b4 b6 15.bxc5 dxc5
16.a4 a5 17.Rb2 Nc8 18.f3 Nf7 19.Nb3 Bh6 20.Qd3 Nfd6 21.Bf2 Ra7 22.Rfb1 f5
23.Bf1 Bg5 24.Kh1 Bh4 25.Bg1 f4 26.Na2 Qc7 27.Qc3 Nf7 28.Nac1 Be7 29.Nd3 Bd6
30.Nbxc5 bxc5 31.Qa3 Ne7 32.Bxc5 Bxc5 33.Qxc5 Qxc5 34.Nxc5 Rc8 35.Rb8 Kg7
36.Nxd7 Rxd7 37.Rxc8 Nxc8 38.c5 Rc7 39.Rb5 Nd8 40.g3 Rb7 41.Rxa5 Rb1 42.Ra8 Rxf1+
43.Kg2 Rd1 44.Rxc8 Nf7 45.Kf2 Rd2+ 46.Ke1 Rxh2 47.gxf4 exf4 48.c6 Rc2 49.a5 h5
50.Kd1 Ra2 51.c7 Ra1+ 52.Kd2 Nd6 53.Ra8 Ra2+ 54.Kd3 Ra3+ 55.Kc2 Ra4 56.e5 Rc4+
57.Kb3 Rxc7 58.exd6 Rd7 59.a6  1-0

[Event "Valby SK"]
[Site "Valby"]
[Date "1983.05.12"]
[Round "1"]
[White "Brinck Claussen, Bjorn"]
[Black "Hvenekilde, Jorgen"]
[Result "1/2-1/2"]
[WhiteElo "2380"]
[BlackElo "2260"]

1.d4 Nf6 2.c4 g6 3.Nc3 Bg7 4.e4 d6 5.Nf3 O-O 6.Be2 e5 7.O-O exd4 8.Nxd4 Nc6
9.Be3 Re8 10.f3 Bd7 11.Qd2 a6 12.Nc2 Qe7 13.Rad1 Be6 14.Rfe1 Qf8 15.Nd5 Rac8
16.b4 Bxd5 17.cxd5 Nb8 18.a4 h6 19.Bf1 Kh7 20.g3 Nbd7 21.Bh3 c6 22.Bd4 Rc7
23.dxc6 Rxc6 24.Ne3 Ne5 25.Qe2 h5 26.b5 axb5 27.axb5 Rc7 28.Rc1 Qe7 29.f4 Rxc1
30.Rxc1 Neg4 31.Bxg4 Nxg4 32.Bxg7 Qxe4 33.Ba1 Qxe3+ 34.Qxe3 Rxe3 35.Kg2 Ra3
36.Bd4 Rd3 37.Bg1 Rd2+ 38.Kf3 Nxh2+ 39.Bxh2 Rxh2 40.Rc7 Kg7 41.Rxb7 Kf6 42.b6 Rb2
43.Ke4 Rb5 44.Kd4 d5 45.Kc3 Ke6 46.Kd4 f6 47.Rg7 Rxb6 48.Rxg6 Rb3 49.Rh6 Rxg3
50.Rxh5 Rg1 51.Ke3 Ra1 52.Kf3 Rb1 53.Ke2 Rb3 54.Kf2 Rb6 55.Ke3 Kd6 56.Rf5 Kc5
57.Kd3 Rc6 58.Rh5 Kd6 59.Rf5 Ke6 60.Rh5 Rc8 61.Ke3 Ra8 62.Ke2 Kd6 63.Rh6 Rf8
64.Kd3 Kc5 65.Rg6 Kd6 66.Rh6 Ke6 67.Rh5 Rb8 68.Ke2 Rb4 69.Kf3 Rb5 70.Ke2 Kf7
71.Kf3 Kg6 72.Kg4 Ra5 73.Rf5 Kf7 74.Rh5 Ke6 75.Kf3 Ra3+ 76.Ke2 Rc3 77.Kf2 d4
78.Ra5 Re3 79.Rb5 f5 80.Ra5 Re4 81.Ra6+ Kd5 82.Ra5+ Kc4 83.Rxf5 d3 84.Re5 Rxf4+
85.Ke1  1/2-1/2

[Event "Valby SK"]
[Site "Valby"]
[Date "1983.05.22"]
[Round "8"]
[White "Lengyel, Levente"]
[Black "Poulsen, Allan"]
[Result "1/2-1/2"]
[WhiteElo "2410"]
[BlackElo "2340"]

1.Nf3 Nf6 2.c4 g6 3.Nc3 Bg7 4.e4 d6 5.d4 O-O 6.Be2 e5 7.Be3 Qe7 8.d5 Ng4
9.Bg5 f6 10.Bh4 g5 11.Bg3 Nh6 12.Nd2 f5 13.exf5 e4 14.Ndxe4 Bxf5 15.f3 Nd7
16.Qd2 Rae8 17.O-O Bxe4 18.Nxe4 Nc5 19.Bd3 Bxb2 20.Qxb2 Nxd3 21.Qxb7 g4 22.Qb3 gxf3
23.gxf3 Ne5 24.Rae1 Nf5 25.Qc3 Qg7 26.Kh1 Nxg3+ 27.hxg3 Rf5 28.Kg2 Ref8 29.Nd2 h5
30.Re4 R8f6 31.c5 Rg6 32.f4 h4 33.Re3 hxg3 34.cxd6 cxd6 35.Rxg3 Rxg3+ 36.Qxg3 Nd3  1/2-1/2

[Event "Aarhus"]
[Site "Aarhus"]
[Date "1983.??.??"]
[Round "8"]
[White "Tisdall, Jonathan D"]
[Black "Mortensen, Erling"]
[Result "1-0"]
[WhiteElo "2440"]
[BlackElo "2475"]

1.d4 Nf6 2.c4 g6 3.Nc3 Bg7 4.e4 d6 5.Be2 O-O 6.Nf3 e5 7.Be3 c6 8.O-O exd4
9.Nxd4 Re8 10.f3 d5 11.cxd5 cxd5 12.Qb3 dxe4 13.Bc4 Rf8 14.Rad1 Qe7 15.Nxe4 Nxe4
16.fxe4 Nd7 17.h3 Ne5 18.Bd5 Qh4 19.Nf3 Qg3 20.Ng5 Kh8 21.Bf4 Qxb3 22.Bxb3 Kg8
23.Nxf7 Nxf7 24.Bd6 Rd8 25.Rxf7 Kh8 26.Rxg7 Rxd6 27.Rg8+  1-0

[Event "OHRA"]
[Site "Amsterdam"]
[Date "1983.??.??"]
[Round "?"]
[White "Grooten, Herman"]
[Black "Ligterink, Gert"]
[Result "0-1"]
[WhiteElo "2340"]
[BlackElo "2430"]

1.d4 Nf6 2.c4 g6 3.Nc3 Bg7 4.e4 d6 5.Be2 O-O 6.Nf3 e5 7.Be3 Nc6 8.d5 Ne7
9.Nd2 Ne8 10.c5 c6 11.Nc4 cxd5 12.Nxd5 Nc6 13.cxd6 b5 14.Bc5 bxc4 15.Qa4 Bd7
16.Bxc4 Nf6 17.Bb5 Nxd5 18.exd5 Nb8 19.O-O Bxb5 20.Qxb5 Nd7 21.b4 Re8 22.Rac1 e4
23.Be3 Ne5 24.Qa6 Bf8 25.Bc5 Qd7 26.Rfd1 Red8 27.Qe2 Qf5 28.Rd4 Nf3+ 29.gxf3 Qg5+
30.Kh1 Qxc1+ 31.Rd1 exf3  0-1

[Event "OHRA"]
[Site "Amsterdam"]
[Date "1983.??.??"]
[Round "?"]
[White "Van Baarle, C John"]
[Black "Murrey, Jacob"]
[Result "0-1"]
[WhiteElo "2345"]
[BlackElo "2485"]

1.c4 g6 2.Nc3 Bg7 3.d4 Nf6 4.Nf3 O-O 5.e4 d6 6.Be2 e5 7.d5 Nh5 8.g3 Nd7 9.Be3 Bf6
10.h4 Be7 11.Nd2 Ng7 12.h5 gxh5 13.Bxh5 f5 14.Qe2 f4 15.gxf4 exf4 16.Bd4 Bf6
17.Nf3 c5 18.dxc6 bxc6 19.Bg4 Ne5 20.Nxe5 Bxe5 21.O-O-O Qg5 22.Bxc8 f3+ 23.Qd2 Bf4
24.Be3 Bxe3 25.Qxe3 Qxe3+ 26.fxe3 Raxc8 27.Rxd6 Rc7 28.Nd1 Ne8 29.Rdh6 Rg7
30.Nf2 Rg2 31.R6h2 Rf7 32.Nh3 Nd6 33.Rxg2+ fxg2 34.Rg1 Rf1+ 35.Kc2 Rxg1 36.Nxg1 Nxc4
37.b3 Nxe3+ 38.Kd2 Ng4 39.Ke2 Kf7 40.Kf3 Nf6 41.Kxg2 Nxe4 42.Kf3 Nc3 43.a4 Ke6
44.Ke3 Kd5 45.Nh3 Kc5 46.Kd3 Kb4 47.Ng5 Kxb3 48.Ne6 Nd5 49.a5 Nb4+ 50.Kd4 Na6  0-1

[Event "OHRA"]
[Site "Amsterdam"]
[Date "1983.??.??"]
[Round "?"]
[White "Ligterink, Gert"]
[Black "De Boer, Gert Jan"]
[Result "1/2-1/2"]
[WhiteElo "2430"]
[BlackElo "2330"]

1.d4 Nf6 2.c4 g6 3.Nc3 Bg7 4.Nf3 O-O 5.e4 d6 6.Be2 e5 7.Be3 c6 8.O-O exd4
9.Nxd4 Re8 10.f3 d5 11.cxd5 Nxd5 12.Nxd5 cxd5 13.Qb3 Bxd4 14.Bxd4 Nc6 15.Be3 dxe4
16.fxe4 Qe7 17.a3 Be6 18.Qc3 Red8 19.Rad1 Rxd1 20.Rxd1 Rd8 21.Rxd8+ Qxd8
22.b4 a6 23.a4 Qd6 24.b5 axb5 25.axb5 Ne5 26.Bc5 Qb8 27.Qd4 Nd7 28.Bd6 Qd8
29.Kf2 f6 30.Ke3 Kf7 31.g4 Qa5 32.Bb4 Qc7 33.Qd6 Qxd6 34.Bxd6 Ne5 35.h3 Nc4+
36.Bxc4  1/2-1/2

[Event "Candidats (Women) qf1"]
[Site "Bad Kissingen"]
[Date "1983.??.??"]
[Round "9"]
[White "Muresan, Margareta"]
[Black "Semenova, Lidia K"]
[Result "0-1"]
[WhiteElo "2240"]
[BlackElo "2225"]

1.Nf3 Nf6 2.c4 g6 3.Nc3 Bg7 4.e4 d6 5.d4 O-O 6.Be2 Nbd7 7.O-O e5 8.Re1 Re8
9.Bf1 h6 10.d5 Nh7 11.Rb1 f5 12.b4 f4 13.Ba3 Bf8 14.Nd2 g5 15.Nb3 Ndf6 16.c5 Re7
17.Na5 Rg7 18.Nc4 g4 19.Rb3 Ng5 20.cxd6 cxd6 21.b5 Nf3+ 22.Kh1 Nxe1 23.Qxe1 h5
24.b6 a6 25.Na5 h4 26.Bc4 g3 27.Nd1 Qe8 28.fxg3 hxg3 29.hxg3 Qg6 30.Nf2 Qh7+  0-1

[Event "Banja Luka"]
[Site "Banja Luka"]
[Date "1983.??.??"]
[Round "4"]
[White "Sibarevic, Milenko"]
[Black "Vukic, Milan"]
[Result "1-0"]
[WhiteElo "2320"]
[BlackElo "2465"]

1.c4 Nf6 2.Nf3 g6 3.Nc3 Bg7 4.e4 d6 5.d4 O-O 6.Be2 e5 7.O-O Nbd7 8.Re1 c6
9.Bf1 exd4 10.Nxd4 Ng4 11.Qxg4 Bxd4 12.Qd1 Qf6 13.Be3 Be5 14.Qd2 Nc5 15.Bg5 Qe6
16.Bh6 Re8 17.f4 Bxc3 18.Qxc3 f6 19.e5 fxe5 20.fxe5 dxe5 21.Rxe5 Qxe5 22.Re1 Qxc3
23.Rxe8+ Kf7 24.Rf8+ Ke7 25.bxc3 b6 26.Rh8 Kf6 27.h4 Ne4 28.g4 Nd6 29.Bh3 Ke5
30.Rxh7 Be6 31.Re7 Re8 32.Rxa7 Nxc4 33.Kh2 Rd8 34.Rc7 Kd6 35.Bf4+ Ne5 36.Ra7 g5
37.hxg5 Bd5 38.Kg3 b5 39.a3 Be6 40.Rh7 Ra8 41.g6  1-0

[Event "Bayamo"]
[Site "Bayamo"]
[Date "1983.??.??"]
[Round "?"]
[White "Vilela, Jose Luis"]
[Black "Zapata, Alonso"]
[Result "1/2-1/2"]
[WhiteElo "2440"]
[BlackElo "2425"]

1.d4 Nf6 2.c4 g6 3.Nc3 Bg7 4.e4 d6 5.Be2 O-O 6.Nf3 e5 7.O-O Nbd7 8.Qc2 c6
9.Rd1 Qe7 10.d5 a5 11.Rb1 Ne8 12.Ne1 f5 13.f3 c5 14.a3 f4 15.b4 axb4 16.axb4 b6
17.bxc5 bxc5 18.Nd3 g5 19.Nf2 h5 20.Bd2 Rf7 21.Ra1 Rxa1 22.Rxa1 Ndf6 23.h3 Bf8
24.Nb5 Rg7 25.Na7 Bd7 26.Nc6 Qf7 27.Ra7 Qg6 28.Nb8 Bc8 29.Rxg7+ Nxg7 30.Qa4 g4
31.hxg4 hxg4 32.Qc6 gxf3 33.Bxf3 Qe8 34.Qxe8 Ngxe8 35.Ba5 Be7 36.Kf1 Nh7
37.Ke2 Bh4 38.Bg4 Bxg4+ 39.Nxg4 Kg7 40.Nc6 Nhf6 41.Kf3 Nxg4 42.Kxg4 Bf6 43.Nd8 Bxd8
44.Bxd8 Kg6  1/2-1/2

[Event "Bayamo"]
[Site "Bayamo"]
[Date "1983.??.??"]
[Round "?"]
[White "Hernandez, Roman"]
[Black "Zapata, Alonso"]
[Result "1/2-1/2"]
[WhiteElo "2435"]
[BlackElo "2425"]

1.d4 Nf6 2.Nf3 g6 3.c4 Bg7 4.Nc3 O-O 5.e4 d6 6.Be2 e5 7.O-O Nbd7 8.Be3 a5
9.Qc2 Ng4 10.Bg5 f6 11.Bd2 c6 12.h3 Nh6 13.Rad1 Nf7 14.Be3 Qc7 15.Rfe1 Re8
16.Na4 exd4 17.Bxd4 b6 18.b3 Nc5 19.Nxc5 dxc5 20.Bc3 Be6 21.Bf1 Rad8 22.g3 Rxd1
23.Rxd1 Bc8 24.Qb2 Nd6 25.Nd2 Qe7 26.Bg2 Rd8 27.Re1 Ne8 28.Kh2 Nc7 29.f4 Ne6
30.Nf3 Nf8 31.e5 f5 32.Re2 Ne6 33.Rd2 Bf8 34.Qc2 Qc7 35.Qd1 Be7 36.Rxd8+ Nxd8
37.h4 Be6 38.Ng5 Bxg5 39.hxg5 Kf7 40.Bf3 Qd7 41.Qf1 Ke8  1/2-1/2